Loading...
Bhasha Bhetha Vijnanam /
| Main Author: | |
|---|---|
| Format: | Printed Book |
| Language: | Malayalam |
| LEADER | 00423nam a2200121Ia 4500 | ||
|---|---|---|---|
| 008 | 150624b xxu||||| |||| 00| | mal d | ||
| 082 | |a 417.2 | ||
| 100 | |a Somashekharan Nair, P. | ||
| 245 | |c P. Somashekharan Nair |a Bhasha Bhetha Vijnanam / | ||
| 546 | |a In Malayalam. | ||
| 942 | |c BK | ||
| 999 | |c 73735 |d 73735 | ||
| 952 | |0 0 |1 0 |4 0 |6 417_200000000000000_SOM_B_M |7 0 |9 73681 |a UL |b UL |c ST2 |d 1998-08-28 |l 0 |o 417.2 SOM/B M |p 15598 |r 2012-10-27 |w 2012-10-27 |y BK | ||